000 01841nam0a22003011 4500
001 v19\rc\1747731
005 20260406201117.0
035 _a(NLR Aleph) 004894591
090 _a5307812
_c5307812
100 _a20061204d1903 |||y0rusy50 ca
101 0 _arus
102 _aRU
105 _ay z |||||
200 1 _aСписок иностранных изданий, получаемых Казанским обществом естествоиспытателей в обмен на его издания
210 _a[Казань]
_cтипо-лит. Казан. ун-та
_d1903
215 _a6 с.
_d23
309 _aБез тит. л. и обл.
311 _aПрил. к "Протоколам заседаний О-ва естествоиспытателей при Казан. ун-те". № 221
316 _aЭкз. РНБ (2/1458): приплетено к изд. ... 1902/1903
_5NLR: 2/1458
422 0 _12001#$aПротоколы заседаний Общества естествоиспытателей при Казанском университете$v№ 221
_tПротоколы заседаний Общества естествоиспытателей при Казанском университете
482 0 _12001#$aПротоколы заседаний Общества естествоиспытателей при Казанском университете$v1902/1903
_tПротоколы заседаний Общества естествоиспытателей при Казанском университете
710 0 2 _aОбщество естествоиспытателей
_cКазань, до 1917 г.
_9417773
_3RU\NLR\AUTH\889960729
801 0 _aRU
_bNLR
_gpsbo
801 0 _aRU
_bRuMoRGB
_2psbo
801 1 _aRU
_bProSoft-M
_2rusmarc
852 _aNLR
_j2/1458
942 _cBOOK
980 _aNB